000 00701nam a2200253Ia 4500
003 OSt
005 20220927105359.0
006 a|||||r|||| 00| 0
007 ta
008 220926b |||||||| |||| 00| 0 eng d
024 _a190369
037 _cReference Collections
040 _aRTL
_cRTL
_beng
041 _2eng
_aeng
082 _a"E.2s, GD"
110 _a"INDIA, CENTRAL STATISTICAL ORGANISATION"
245 0 _aStatistical Pocket Book India 2008
250 _a46
260 _aNew
_bDelhi Government of India
_c2008
300 _a278p
_ccm.
700 _a"INDIA, CENTRAL STATISTICAL ORGANISATION"
942 _h"E.2s, GD"
_cCC
999 _c692229
_d692229